Ethika jako věda Úvod do dějin a theorie mravnosti

Salvato in:
Dettagli Bibliografici
Autore principale: Bláha, Inocenc Arnošt
Natura: Libro
Lingua:ceco
Pubblicazione: Brno Prosum 1990
Edizione:1. vyd.
Soggetti:
Tags: Aggiungi Tag
Nessun Tag, puoi essere il primo ad aggiungerne!!

MARC

LEADER 00000nam a2200000 4500
001 c001426
005 20221215115941.8
020 |a 80-7108-023-3 
041 0 |a cze 
044 |a CZ 
245 1 0 |a Ethika jako věda  |b Úvod do dějin a theorie mravnosti  |c Inocenc Arnošt Bláha 
250 |a 1. vyd. 
264 1 |a Brno  |b Prosum  |c 1990 
300 |a 102 s. 
610 2 0 |a etika 
610 2 0 |a vedy spoločenské 
610 2 0 |a história 
100 1 |a Bláha, Inocenc Arnošt